000 00738nam a2200289Ia 4500
001 34803
003 IT-RoPAU
008 130308s9999 xx 000 0 und d
040 _aIT-RoPAU
040 _cIT-RoPAU
041 _aITALIANO
100 _aMila Massimo
100 _gCodice Aut. SPICS: 3761
245 _aClassicità del Boris
245 _bMusorgskij-L'Opera, Il pensiero
250 _a1a ed.
260 _aMILANO
260 _bUnicopli
260 _c1985 [1° Ed.:1985 - Ed.Ling.Originale:1981]
300 _a"10 p. (prefazione: no ; testo: 10 [pagine: 165-174])"
650 _aAUTORI/OPERE DI MUSICA
650 _eCodice materia Spics: 7007
942 _cBK
957 _71
999 _c58663
_d58663
999 _bSI
999 _g1